01080nam a22002654aa4500003000800000005001700008008004100025040003000066041000800096044000700104082001700111100004600128245019000174260002700364300004400391500003600435502018000471650004000651653001300691653001200704653002300716653001100739653001500750700004900765BOFEUTO20260512141436.0 t2025 bo gr 000 f spa d 6BOFEUTOaBOFEUTOcBOFEUTO aspa abo aTE6292bG983 aGutierrez Adrían, Miguel Ángeleautor aEstrategias de comercialización para la Empresa Industrial y Comercial Embotelladora de Bebidas no Alcohólicas Palirok en el municipio de Oruro. cMiguel Ángel Gutierrez Adrían  aOruro :bs/n ;c2025 . a115 hojas :bgráf, ilus. ;c28.5 cm.  aIncluye bibliografía, anexos. aTesis Dirigida, (Licenciatura) -- Universidad Técnica de Oruro, Facultad de Ciencias Económicas, Financieras y Administrativas, Carrera Administración de Empresas, 2025. aEstratégias de Comercialización aCalildad aMercado aComercialización aVentas aConsumidor aGuzmán Gutiérrez. Gonzalo Douglasetutor